| 000 | 00358nam a2200133Ia 4500 | ||
|---|---|---|---|
| 008 | 230917s9999||||xx |||||||||||||| ||und|| | ||
| 040 |
_e92632 _aMAIN |
||
| 041 | _aEnglish | ||
| 082 | _a616.5 O2E | ||
| 100 | _aOberoi, Jagdeep Singh | ||
| 245 | 0 | _aEvaluation of different dosage regimens of methotrexate therapy in psoriasis | |
| 300 | _a49 p. | ||
| 942 | _cTH | ||
| 999 |
_c73994 _d73994 |
||